000
00527nam a2200169Ia 4500
008
090711s9999 xx 000 0 und d
082
_b
63598
100
_a
तेंडुलकर प्रिया
245
_a
पंSातारांकित
260
_c
1989
300
_a
144
600
_a
तेंडुलकर प्रिया
630
_a
पंSातारांकित
700
_a
तेंडुलकर प्रिया
730
_a
पंSातारांकित
942
_c
BOOK
999
_c
310618
_d
310618